000 00391nam a2200157Ia 4500
005 20251020182611.0
008 200515s9999 xx 000 0 und d
082 _aSC/657.28(85)/M61
110 _aMinisterio de Economía y Finanzas
245 0 _aManual del procedimiento de pagos
260 _aLima
260 _c1986
300 _a117
650 _aPROCEDIMIENTO DE PAGOS
942 _cLIB
999 _c3341
_d3341